| 000 | 00363pam a2200145 a 4500 | ||
|---|---|---|---|
| 020 | _c | ||
| 041 | _h | ||
| 082 | _bNAI | ||
| 100 | _aNair, T.K. | ||
| 245 |
_aTraining Social Workers For Rural Development _hTextual Documents |
||
| 260 |
_aMumbai _bAssociation School Of Social Work In India |
||
| 300 | _a201/PB | ||
| 700 | _aAnbavasan, R.S. | ||
| 930 | _a11873 | ||
| 999 |
_c118695 _d118695 |
||